Pays d’Afrique sans indice - Statistiques

Statistiques générales
  • Ce quiz a été pris 160 fois
  • Le résultat moyen est 46 sur 54
Statistiques - réponses
Réponse % Correct
Afrique du Sud
96%
Algérie
96%
Maroc
96%
Sénégal
93%
Tunisie
93%
Niger
92%
République démocratique du Congo
92%
République du Congo
92%
Égypte
91%
Soudan
91%
Mauritanie
90%
Nigeria
90%
Érythrée
89%
Guinée
89%
Kenya
89%
Madagascar
89%
Rwanda
89%
Cap-Vert
88%
Éthiopie
88%
Libye
88%
Soudan du Sud
88%
Mali
87%
Togo
87%
Djibouti
86%
Ghana
86%
Somalie
86%
Angola
85%
Ouganda
85%
Zimbabwe
85%
Cameroun
84%
Côte d’Ivoire
84%
Gambie
84%
Guinée-Bissau
84%
Lesotho
84%
Tanzanie
84%
Tchad
84%
Guinée équatoriale
83%
Namibie
83%
Zambie
83%
Burundi
81%
Gabon
81%
Bénin
80%
Burkina Faso
80%
Eswatini
80%
Liberia
80%
Mozambique
80%
Sierra Leone
79%
Comores
78%
République Centrafricaine
78%
São Tomé-et-Principe
77%
Botswana
74%
Seychelles
74%
Maurice
73%
Malawi
69%
Aucun quiz correspondant
Distribution des résultats
% des personnes avec chaque résultat
Percentile par nombre de réponses
Votre historique - résultats
Vous n’avez pas pris ce quiz